| 000 | 00673nam a2200241Ia 4500 | ||
|---|---|---|---|
| 003 | GCL | ||
| 008 | 140319s9999 xx 000 0 ara d | ||
| 040 |
_aGCL / _cGCL |
||
| 082 | 0 | 4 |
_a160 _bم ت |
| 100 | 1 | _aمحمد عزيز نظمى سالم | |
| 245 | 1 | 0 |
_aتاريخ المنطق عند العرب / _cمحمد عزيز نظمى سالم |
| 260 |
_a[S.N] : _bمؤسسة شباب الجامعة ، _c1983 |
||
| 300 | _a286 ص | ||
| 490 | _a | ||
| 650 | 0 | 4 | _aالفلسفة |
| 650 | 0 | 4 | _aالعرب |
| 650 | 0 | 4 | _aالتاريخ |
| 650 | 0 | 4 | _aالتفكير |
| 650 | 0 | 4 | _aالفروض |
| 650 | 0 | 4 | _aالمعرفة |
| 650 | 0 | 4 | _aالمنطق |
| 942 |
_2ddc _cBK |
||
| 999 |
_c31354 _d31354 |
||